| 000 | 00700nam a2200229 4500 | ||
|---|---|---|---|
| 001 | 36960 | ||
| 003 | BD-RjUL | ||
| 005 | 20211209052549.0 | ||
| 008 | 140923s2007 ii ||||| b||| 001 0 eng d | ||
| 020 | _a8130902400 | ||
| 035 | _a(BD-RjUL) | ||
| 040 |
_aBD-RjUL _beng _cBD-RjUL |
||
| 041 | _aeng | ||
| 082 |
_a574.87 _b PAA 2007 |
||
| 100 |
_aPanno, Joseph _9112681 |
||
| 245 |
_aAdvances in genetics : _b the new biology / _cJoseph Panno _nVolume 1. _pAging : theories and potential therapies |
||
| 260 |
_aNew Delhi : _b Viva Books, _c 2007 |
||
| 300 |
_axvii, 157 p. : _bill. ; _c24 cm. |
||
| 504 | _aIncludes bibliographical reference and index. | ||
| 650 |
_aGenetics _9112682 |
||
| 942 |
_2ddc _cBK |
||
| 999 |
_c36960 _d36960 |
||